| 000 | 00000nas 2200000zi 4500 |
| 001 | 9.903971 |
| 003 | CaOODSP |
| 005 | 20251027113636 |
| 006 | m o d f |
| 007 | cr ||||||||||| |
| 008 | 211008c20199999oncar p o f0 a0eng|d |
| 022 | |a2564-1522 |
| 040 | |aCaOODSP|beng|erda|cCaOODSP |
| 043 | |an-cn--- |
| 086 | 1 |aIu1-19/1E-PDF |
| 110 | 1 |aCanada. |bInnovation, Science and Economic Development Canada, |eauthor, |eissuing body. |
| 222 | 0|aAnnual report on the Access to Information Act |b(Canada. Innovation, Science and Economic Development Canada) |
| 245 | 10|aAnnual report on the Access to Information Act. |
| 264 | 1|aOttawa, ON : |bInnovation, Science and Economic Development Canada = Innovation, sciences et développement économique Canada, |c[2019]- |
| 310 | |aAnnual |
| 336 | |atext|btxt|2rdacontent |
| 337 | |acomputer|bc|2rdamedia |
| 338 | |aonline resource|bcr|2rdacarrier |
| 362 | 1 |aBegan with 2018/2019. |
| 500 | |aIssued also in French under title: Rapport annuel concernant la Loi sur l'accès à l'information. |
| 588 | |aDescription based on: 2018/2019. |
| 588 | |aLatest issue consulted: 2019/2020. |
| 610 | 10|aCanada. |bInnovation, Science and Economic Development Canada|vPeriodicals. |
| 610 | 10|aCanada. |tAccess to Information Act|vPeriodicals. |
| 650 | 0|aGovernment information|zCanada|vPeriodicals. |
| 650 | 0|aFreedom of information|zCanada|vPeriodicals. |
| 655 | 7|aPeriodicals|2lcgft |
| 775 | 08|tRapport annuel concernant la Loi sur l'accès à l'information.|w(CaOODSP)9.814891 |
| 780 | 00|tAnnual report on the administration of the Access to Information Act.|w(CaOODSP)9.814886 |